Bradford City Trivia - Statistics

General Stats
  • This quiz has been taken 27 times
  • The average score is 8 of 16
Answer Stats
Question Answer % Correct
What is Bradford City’s nickname? The {Bantams}
88%
What is the name of Bradford City’s stadium? Valley Parade
88%
Who is the current manager of Bradford City? Graham Alexander
75%
On 11 May 1985, Bradford City's home match against Lincoln City was abandoned following what kind of disaster? Stadium fire
75%
Who scored the only goal of the game as Bradford City beat Fleetwood Town 1-0 on the final day of the 2024/25 season to confirm their promotion to League One? Antoni Sarcevic
58%
Who was the most recent captain of Bradford City? Richie Smallwood
58%
With which club does Bradford City contest the Wool City Derby? Bradford (Park Avenue)
54%
Which club did Bradford City beat 1-0 in the replay of the 1911 FA Cup Final to claim their only major honour to date? Newcastle United
46%
Which Kittitian is Bradford City’s record appearance-maker with 574? Ces Podd
42%
Who is Bradford City’s record signing, arriving from Leeds United for £2.5m in 2000? David Hopkin
42%
Which club did Bradford City face in the semi-finals of the 2000 UEFA Intertoto Cup, their only European campaign to date? FC Zenit
42%
Which Northern Irishman is Bradford City’s record goalscorer with 143? Bobby Campbell
38%
Which Bradford City manager guided them to Premier League promotion for the first time in 1999? Paul Jewell
38%
Who are Bradford City’s record sales, joining Newcastle United in 1997 and 2001 respectively for £2m? Des Hamilton
17%
Who is Bradford City's longest-serving manager, winning the 1907/08 Division Two title and the 1911 FA Cup during his 589 matches in charge? Peter O'Rourke
13%
Who are Bradford City’s record sales, joining Newcastle United in 1997 and 2001 respectively for £2m? Andy O'Brien
8%
No matching quizzes found
Score Distribution
Percent of People with Each Score
Percentile by Number Answered
Your Score History
You have not taken this quiz